000 00331nam a2200133 i 4500
001 bg
100 1 _aRABCZUK, Kościsław
245 0 _aElementy nierówności różniczkowych /
_cKościsław Rabczuk.
260 _aWarszawa,
_c1976.
040 _cBPK
041 _apol
942 _cKS
008 s pl f |000 0 pol
999 _c16806
_d16806
856 _uhttp://koha.tu.koszalin.pl/cgi-bin/koha/opac-detail.pl?biblionumber=16806
_yKatalog online BPK